000 00619nam a22001697a 4500
003 OSt
005 20171010095448.0
008 120621t xxu||||| |||| 00| 0 eng d
040 _aMMSU
_cULS
100 _aDiaz, Jae Karl R.
_910549
245 _aDesign, fabrication and evaluation of a low cost micro hydro power laboratory using a cross flow turbine
_cJae Karl R. Diaz, et al.
260 _c2007
300 _axi, [72] leaves
_c28 cm.
500 _aThesis (BS Mechanical Engineering) -- Mariano Marcos State University-College of Engineering, Batac City
504 _aBibliography: leaf 51
942 _2ddc
_cTHEDIS
999 _c9582
_d9582